| 000 | 01502nam a2200433 i 4500 | ||
|---|---|---|---|
| 001 | 29528 | ||
| 003 | KOSZ 005 | ||
| 005 | 20200814102543.0 | ||
| 008 | 970513s1990 pl a f |000 0 pol | ||
| 015 | _aPB 1992/925 | ||
| 040 |
_aWA N _cWA N _dKOSZ 005/HR |
||
| 041 | 0 |
_apol _beng |
|
| 046 | _k1990 | ||
| 080 | _a532 | ||
| 080 | _a536.7 | ||
| 100 | 1 |
_aRasmus, Andrzej _eAutor |
|
| 245 | 1 | 0 |
_aTeoretyczny model procesu wrzenia w przepływie / _cAndrzej Rasmus. |
| 260 |
_aKoszalin : _bWydaw. Uczelniane WSI, _c1990. |
||
| 300 |
_a72 s. : _b1 rys., wykr. ; _c23 cm. |
||
| 336 |
_2rdacontent _aTekst _btxt |
||
| 337 |
_2rdamedia _aBez urządzenia pośredniczącego _bn |
||
| 338 |
_2rdacarrier _aWolumin _bnc |
||
| 380 | _aKsiążki | ||
| 380 | _aPublikacje naukowe | ||
| 388 | _a1901-2000 | ||
| 388 | _a1989-2000 | ||
| 490 | 1 |
_aMonografie / Wyższa Szkoła Inżynierska w Koszalinie, _x0239-7129 ; _v28. |
|
| 500 | _aNa s. red. : Monografia Wydziału Mechanicznego. | ||
| 504 | _aBibliogr. s. 49-50. | ||
| 546 | _aStreszcz. ang. | ||
| 650 | 4 | _aWrzenie | |
| 650 | 4 | _aPrzepływ | |
| 650 | 4 | _aModele matematyczne | |
| 658 | _aInżynieria i technika | ||
| 710 | 2 |
_aWydawnictwo Uczelniane (Wyższa Szkoła Inżynierska ; Koszalin) _4pbl. |
|
| 830 | 0 |
_aMonografie - Wyższa Szkoła Inżynierska, Koszalin _v28 |
|
| 856 |
_uhttp://koha.tu.koszalin.pl/cgi-bin/koha/opac-detail.pl?biblionumber=29528 _yKatalog online BPK |
||
| 942 |
_2UKD _cKS |
||
| 999 |
_c29528 _d29528 |
||